000
00497nam a2200181Ia 4500
008
100917s9999 xx 000 0 und d
082
_b
27633
100
_a
माडखोलकर गजानन त्र्यंबक
245
_a
अनघा
260
_b
के. वि. कोठावळे
_c
1970
300
_a
198
365
_b
10
520
_a
कादंबरी
630
_a
अनघा
650
_a
कादंबरी
730
_a
अनघा
942
_c
BOOK
999
_c
633027
_d
633024